| 000 | 01311nam a2200349 i 4500 | ||
|---|---|---|---|
| 003 | DO-SdBNP | ||
| 005 | 20250403150418.0 | ||
| 007 | ta | ||
| 008 | 250402t2024 dr 000 pdspa d | ||
| 020 | _z9789945500110 | ||
| 040 |
_aDO-SdBNP _bspa _cBNPHU _erda |
||
| 082 |
_axxx _bA347 _222 |
||
| 100 | 1 |
_aAlcántara Sánchez, Eli Bryan _eautor _4aut. _987332 |
|
| 245 | 1 | 3 |
_aLa mochila / _cEli Bryan Alcántara Sánchez : jurado, Alma Betances, Rubén Lamarche, Reyvin Jáquez Grullón |
| 264 |
_aSanto Domingo : _bEditora Nacional, _bMinisterio de Cultura, _c2024. |
||
| 300 |
_a143 páginas _c21 cm. |
||
| 336 |
_atexto _btxt _2rdacontent |
||
| 337 |
_asin mediación _bn _2rdamedia |
||
| 338 |
_avolumen _bnc _2rdacarrier |
||
| 490 | 1 | _aCine | |
| 500 | _aIncluye datos biográficos del autor en la solapa de la portada. | ||
| 500 | _aLa biblioteca posee la reimpresión de septiembre 2024. | ||
| 586 | _aPremio Joven de Guión de Cine Jorge Luis Borges. Feria Internacional del Libro, 2021. | ||
| 590 | _aInventariado, 2025/ YL | ||
| 650 | 7 | _aPoesía Dominicana | |
| 650 | 7 | _aLiteratura Dominicana | |
| 700 | 1 |
_aBetances, Alma _e jurado _987333 |
|
| 700 | 1 |
_aLamarche, Rubén _e jurado _934359 |
|
| 700 | 1 |
_aJáquez Grullón, Reyvin _e jurado _987334 |
|
| 910 | _aYLockward | ||
| 942 |
_2ddc _cLBS1 |
||
| 999 |
_c58610 _d58610 |
||